| 000 | 00508cam a22002171 4500 | ||
|---|---|---|---|
| 001 | sa 68006181 | ||
| 003 | DLC | ||
| 005 | 20260227112514.0 | ||
| 008 | 890514m19649999xx 000 0 hino | ||
| 010 | _asa 68006181 | ||
| 035 | _a(OCoLC)23542478 | ||
| 040 |
_aDLC _cMiU _dDLC |
||
| 042 | _apremarc | ||
| 050 | 0 | 0 |
_aBP135.A2 _bR38 |
| 100 | 1 |
_aRahim, Mohammad Abdur, _d1926- |
|
| 245 | 1 | 0 | _aHādīsa śarīpha. |
| 260 | _c[1964-] | ||
| 300 |
_a2 v. _c23 cm. |
||
| 500 | _aRomanized. | ||
| 650 | 0 | _aHadith | |
| 999 |
_c81148 _d81148 |
||